000 00437cam a2200145u 4500
001 000001260
005 20200929145525.0
008 850612m19161916fr 000 0 fre
040 _aDO-SdBNP
_bspa
_cBNPHU
100 1 _aGarraud, Rene,
_d1849-
_94276
245 1 0 _aTraite theorique et pratique du droit penal francais,.
250 _a3a ed.
260 _aParis :
_bLibrairie del a societs du recueil sirey,
_c1916.
300 _a5 v. ;
_c23 cm.
999 _c1203
_d1203